000 00839nam a22002537a 4500
005 20100802165713.0
010 _aENG-97807
020 _a9788120339897
_c325.00
035 _aEN-81340
037 _bDBAD/PUB
082 _a621.36
100 _aWalker, Bruce H.
_94634
245 _aOptical engineering fundamentals /
_cby Bruce H. Walker
250 _a2nd ed
260 _aNew Delhi
_bPHI Learning
_c2010
270 _aM-97, Connaught Circus
_bNew Delhi
_e110001
300 _axiii, 276p:
_bill.
_c24cm (pbk)
500 _aincludes index
650 _aLenses
_94635
650 _aOPtical instruments
_94636
650 _aOptics
_94637
942 _2ddc
_cEN
_h621.36
_mWAL
999 _c38820
_d38820